000 00592nam a2200193 a 4500
005 20221119063435.0
008 991125s1984 es 000 0 spa u
020 _a8475091121
035 _aUPN01000005029
049 _aCG
050 4 _aRJ506 A9
_bT8.38
100 1 _aTustin, Frances
245 1 0 _aAutismo y psicosis infantiles /
_cFrances Tustin ; tr. Inés Pardal.
260 _aBarcelona, Esp. ;
_aMéxico,
_bPaidós,
_c1984.
300 _a164 p.
440 0 _aBiblioteca de psiquiatría, psicopatología y psicosomática.
_pSerie mayor ;
_v22
650 2 _aAutismo
_9362
905 _aLibro
999 _c5029
_d5029